000 00647nam a22001937a 4500
999 _c95301
_d95301
005 20230712121046.0
010 _aENG-113715 ENG-137368
020 _a9788170546870
_c300.00
035 _aEN- 97247 EN-120900
037 _bDBAD/PUB
082 _a882
100 _aMishra, Rama Chandra
245 _aMany Shadows :
_cby Rama Chandra Mishra ; translated into English by Rajanikanta Mishra
_bUnending Darkness /
260 _aNew Delhi
_bClassical Publishing
_c2015
270 _a28, Shopping Centre, Karampura
_bNew Delhi
_e110015
300 _a78p.
_c22cm(Hb)
700 _aMishra, Rajanikanta
942 _2ddc
_cEN
_mMIS
_h882